| 000 | 00689nam a22002297a 4500 | ||
|---|---|---|---|
| 003 | CBULib | ||
| 005 | 20230824123649.0 | ||
| 008 | 230823b |||||||| |||| 00| 0 eng d | ||
| 040 |
_bEnglish _cCBULib _dCBULib _erda |
||
| 050 | _aIILED(05)EU/2019/31/2 | ||
| 100 | _aE&U | ||
| 245 | _aEnvironment and Urbanisation: Getting food on the table in cities | ||
| 260 |
_bSage _c2019 _aUnited Kingdom |
||
| 300 | _a673 pages : illustrations | ||
| 336 |
_2rdacontent _aText | _btxt |
||
| 337 |
_2rdamedia _aUnmediated | _bn |
||
| 338 |
_2rdacarrier _aVolume _bnc |
||
| 650 | 0 |
_9646 _aENVIRONMENT |
|
| 650 | 0 |
_9644 _aENVIRONMENT AND URBANIZATION |
|
| 650 | 0 |
_9645 _aURBANIZATION |
|
| 942 |
_2mc _c029 |
||
| 999 |
_c81246 _d81246 |
||